000 00889nas a2200301 4500
001 BR2010002238
003 BR-BrBNA
005 20231205114227.0
007 ta
008 230509b bl.|||p| |||| 00| 00por d
040 _aBR-BrBNA
_bpor
_cBiblioteca Nacional de Agricultura
041 _a(Pt)
072 _aQ03
100 1 _aArbos, K.A.
100 1 _aReis, N.
100 1 _aYamamoto, S.M.
100 1 _aMassulo, A. de O.
245 1 _aPerfil microbiológico do caldo de cana comercializado em Campo Grande, MS
650 _aCALDO DE CANA
650 _aHIGIENE DE ALIMENTO
650 _aANÁLISE MICROBIOLÓGICA
650 _aCOLIFORME
650 _aBACTÉRIA
650 _aMATO GROSSO DO SUL
773 0 _tHigiene Alimentar (Brazil)
_xISSN 0101-9171
_g(Mar 2010), v. 24(182) p. 51-53
_wBR2010002238
909 _a202311
_bLúcia
_c55
_dLúcia Elande
942 _2AGRIS
_n0
_cANA
999 _c207700
_d207700